[Event "New Delhi Skillcraft U1800 op 1st"]
[Site "New Delhi"]
[Date "2025.01.12"]
[Round "9"]
[White "Rajendra, Singh Rana"]
[Black "Sidharth, Upadhyay"]
[Result "1/2-1/2"]
[WhiteElo "1673"]
[BlackElo "1714"]
[PlyCount "156"]
[EventDate "2025.01.10"]
[EventType "swiss"]
[EventRounds "9"]
[EventCountry "IND"]
[SourceTitle "CB12_2025"]
[SourceDate "2025.03.19"]
[SourceVersion "1"]
[SourceVersionDate "2025.03.19"]
[SourceQuality "1"]

1. c4 c5 2. g3 g6 3. Bg2 Bg7 4. Nc3 Nc6 5. Nf3 Nf6 6. d4 cxd4 7. Nxd4 0-0 8. 0-0 Nxd4 9. Qxd4 d6 10. Qd3 a6 11. h3 Qc7 12. Be3 Bd7 13. Rac1 Rac8 14. b3 Bc6 15. Nd5 Bxd5 16. cxd5 Qa5 17. Qd2 Qb5 18. Rxc8 Rxc8 19. Rc1 Rxc1+ 20. Qxc1 h5 21. Qc4 Qxc4 22. bxc4 Kf8 23. Kf1 Nd7 24. f4 Ke8 25. Bf2 Bc3 26. e4 f6 27. Ke2 Bb4 28. g4 hxg4 29. hxg4 Bc5 30. Bh4 g5 31. Bg3 gxf4 32. Bxf4 b6 33. Bf1 a5 34. Kf3 Bd4 35. g5 fxg5 36. Bxg5 Ne5+ 37. Kf4 a4 38. Be2 a3 39. Kf5 Nd7 40. Bh5+ Kd8 41. Bc1 Bb2 42. Be3 Bf6 43. Bc1 Bb2 44. Be3 Kc7 45. Ke6 Bf6 46. Be2 Nf8+ 47. Kf7 Nd7 48. Bc1 Bb2 49. Be3 Bf6 50. Bc1 Nc5 51. Bxa3 Nxe4 52. Bb4 Bc3 53. Ba3 Bf6 54. Bb4 Bc3 55. a3 Bxb4 56. axb4 Kd8 57. b5 Nc5 58. Bf1 Nb7 59. Be2 Na5 60. Bd3 Nb3 61. Bf1 Nd4 62. Bg2 Nf5 63. Bf1 Ne3 64. Be2 Nf5 65. Bf1 Nd4 66. Bg2 Nb3 67. Bf1 Nc5 68. Be2 Nd7 69. Bf1 Ne5+ 70. Kf8 Kd7 71. Bh3+ Kd8 72. Bf1 Nd7+ 73. Kf7 Nf6 74. Bd3 Ng4 75. Bf1 Ne5+ 76. Kf8 Ng6+ 77. Kf7 Ne5+ 78. Kf8 Nd7+ 1/2-1/2

[Event "New Delhi Skillcraft U1800 op 1st"]
[Site "New Delhi"]
[Date "2025.01.12"]
[Round "8"]
[White "Sidharth, Upadhyay"]
[Black "Spandan, Srivastava"]
[Result "1/2-1/2"]
[WhiteElo "1714"]
[BlackElo "1771"]
[PlyCount "72"]
[EventDate "2025.01.10"]
[EventType "swiss"]
[EventRounds "9"]
[EventCountry "IND"]
[SourceTitle "CB12_2025"]
[SourceDate "2025.03.19"]
[SourceVersion "1"]
[SourceVersionDate "2025.03.19"]
[SourceQuality "1"]

1. e4 c5 2. Nf3 d6 3. d4 cxd4 4. Nxd4 Nf6 5. Nc3 a6 6. Be2 e5 7. Nb3 Be7 8. Be3 Be6 9. Nd5 Nxd5 10. exd5 Bf5 11. c4 b6 12. Rc1 a5 13. Na1 0-0 14. Nc2 Bxc2 15. Qxc2 Bg5 16. 0-0 f5 17. f4 exf4 18. Bxf4 Bxf4 19. Rxf4 Qe7 20. Rcf1 g6 21. g4 Nd7 22. gxf5 Rae8 23. R1f2 g5 24. R4f3 Nf6 25. Rg2 h6 26. Bd3 Qe1+ 27. Rf1 Qe5 28. Kh1 Nh5 29. Re2 Qf6 30. Re6 Rxe6 31. fxe6 Nf4 32. Re1 Nh3 33. e7 Nf2+ 34. Kg1 Nh3+ 35. Kh1 Nf2+ 36. Kg1 Nh3+ 1/2-1/2